Human rights enforcement & implementation mechanisms : (Record no. 126308)
[ view plain ]
| 000 -LEADER | |
|---|---|
| fixed length control field | 01483cam a2200349 a 4500 |
| 001 - CONTROL NUMBER | |
| control field | 12459632 |
| 003 - CONTROL NUMBER IDENTIFIER | |
| control field | ARRUPE |
| 005 - DATE AND TIME OF LATEST TRANSACTION | |
| control field | 20170322092057.0 |
| 008 - FIXED-LENGTH DATA ELEMENTS--GENERAL INFORMATION | |
| fixed length control field | 101060s1998 rh a b 000 0 eng |
| 010 ## - LIBRARY OF CONGRESS CONTROL NUMBER | |
| LC control number | 2001295274 |
| 035 ## - SYSTEM CONTROL NUMBER | |
| System control number | (DLC) 200129527 |
| 040 ## - CATALOGING SOURCE | |
| Original cataloging agency | DLC |
| Transcribing agency | DLC |
| Modifying agency | DLC |
| 042 ## - AUTHENTICATION CODE | |
| Authentication code | lcode |
| 043 ## - GEOGRAPHIC AREA CODE | |
| Geographic area code | f------ |
| 050 00 - LIBRARY OF CONGRESS CALL NUMBER | |
| Classification number | K3240 |
| Item number | .H8567 1998 |
| 082 00 - DEWEY DECIMAL CLASSIFICATION NUMBER | |
| Classification number | 341.4/81 |
| Edition number | 21 |
| 300 ## - PHYSICAL DESCRIPTION | |
| Other physical details | ill., ; |
| Dimensions | 21 cm. |
| 245 00 - TITLE STATEMENT | |
| Title | Human rights enforcement & implementation mechanisms : |
| Remainder of title | a practical guide to United Nations and the Organisation of African Unity protection mechanisms / |
| Statement of responsibility, etc | Compiled by L. Zulu and P. Matsheza |
| 260 ## - PUBLICATION, DISTRIBUTION, ETC. (IMPRINT) | |
| Place of publication, distribution, etc | Harare : |
| Name of publisher, distributor, etc | Human Rigths Research and Documentation Trust of Southern Africa, |
| Date of publication, distribution, etc | 2001 |
| 300 ## - PHYSICAL DESCRIPTION | |
| Extent | 118 p. : |
| 500 ## - GENERAL NOTE | |
| General note | Cover title. |
| 500 ## - GENERAL NOTE | |
| General note | "Published in commemoration of the 50th anniversary of the Universal Declaration of Human Rights." |
| 504 ## - BIBLIOGRAPHY, ETC. NOTE | |
| Bibliography, etc | Includes bibliographical references. |
| 650 #0 - SUBJECT ADDED ENTRY--TOPICAL TERM | |
| Topical term or geographic name as entry element | Human rights. |
| 9 (RLIN) | 29459 |
| 650 #0 - SUBJECT ADDED ENTRY--TOPICAL TERM | |
| Topical term or geographic name as entry element | Human rights |
| Geographic subdivision | Africa. |
| 9 (RLIN) | 19054 |
| 700 1# - ADDED ENTRY--PERSONAL NAME | |
| Personal name | Matsheza, Philliat. |
| 9 (RLIN) | 23105 |
| 700 1# - ADDED ENTRY--PERSONAL NAME | |
| Personal name | Zulu, L. |
| Fuller form of name | (Leonard) |
| 9 (RLIN) | 23107 |
| 906 ## - LOCAL DATA ELEMENT F, LDF (RLIN) | |
| a | 7 |
| b | cbc |
| c | origode |
| d | 2 |
| e | ncip |
| f | 20 |
| g | y-gencatlg |
| 942 ## - ADDED ENTRY ELEMENTS (KOHA) | |
| Source of classification or shelving scheme | Library of Congress Classification |
| Koha item type | Monograph ( Printed materials) |
| Withdrawn status | Lost status | Source of classification or shelving scheme | Damaged status | Not for loan | Collection code | Home library | Current library | Shelving location | Date acquired | Total Checkouts | Full call number | Barcode | Date last seen | Date checked out | Price effective from | Koha item type |
|---|---|---|---|---|---|---|---|---|---|---|---|---|---|---|---|---|
| Library of Congress Classification | Main Collection | ARRUPE LIBRARY | ARRUPE LIBRARY | Main Collection | 22/03/2017 | 3 | K3240 .H8568 | 46500025583 | 06/11/2023 | 30/10/2023 | 22/03/2017 | Monograph ( Printed materials) |